Score 0/16 Timer 02:00
11 Plays Today
% Correct
13Hulk Hogan
91.8%
2Mel Gibson
89.4%
8Chuck Norris
86.4%
15David Bowie
77.4%
6Patrick Swayze
76.9%
7Andre Agassi
73.3%
1John Stamos
71.1%
12Joe Dirt (David Spade)
70.1%
% Correct
4Mario Lopez
63.9%
14Billy Ray Cyrus
57.7%
9Randy Johnson
51%
5John Daly
43.1%
3Bono
41.3%
10Kenny Powers (Danny McBride)
30.1%
16Jaromir Jagr
27.3%
11Barry Melrose
25.3%
Remove Ads.
Support Sporcle.
Get the best of Sporcle when you Go Orange. This ad-free experience offers more features, more stats, and more fun while also helping to support Sporcle. Thank you for becoming a member.

You're not logged in!

Compare scores with friends on all Sporcle quizzes.
OR
Log In

Sporcle TV

Today on Sporcle TV


Watch our educational content, quiz creation guides, and fun videos on Sporcle TV.

Show Comments

Extras

Top Quizzes Today


Score Distribution

Paid Content

Your Account Isn't Verified!

In order to create a playlist on Sporcle, you need to verify the email address you used during registration. Go to your Sporcle Settings to finish the process.

Report this User

Report this user for behavior that violates our Community Guidelines.

Details: